| 000 | 00355nam a2200145Ia 4500 | ||
|---|---|---|---|
| 008 | 150201s1999 xx 000 0 und d | ||
| 082 |
_a616.7 _bM1999T |
||
| 100 | _aTRAVELL | ||
| 245 | _aMUOFACIAL PAIN & DYSFUNCTION | ||
| 250 | _a2ND | ||
| 260 |
_bWILLIAM & WILKINS _aPHILADELPHIA _c1999 |
||
| 300 | _a1-607 | ||
| 650 | _aPHYSIOTHERAPY | ||
| 942 |
_2ddc _cBK |
||
| 999 |
_c4319 _d4319 |
||